| 000 | 00692cam a22002293a 4500 | ||
|---|---|---|---|
| 001 | 33556 | ||
| 003 | PGUSA | ||
| 005 | 20140828083726.0 | ||
| 008 | 100827s2010||||xxu|||||s|||||000 | eng d | ||
| 040 |
_aPGUSA _beng |
||
| 042 | _adc | ||
| 100 | 1 |
_aLever, Charles James, _d1806-1872 |
|
| 245 | 1 | 4 |
_aThe Fortunes Of Glencore _h[electronic resource] / _cCharles James Lever |
| 260 |
_bProject Gutenberg, _c2010 |
||
| 506 | _aPublic domain in the USA. | ||
| 516 | _aElectronic text | ||
| 700 | 1 |
_aWheeler, Edward J., _d-1933 |
|
| 700 | 1 |
_aCooke, W. Cubitt _q(William Cubitt), _d1866-1951 |
|
| 830 | 0 |
_aProject Gutenberg _v33556 |
|
| 856 | 4 | 0 | _uhttp://www.gutenberg.org/ebooks/33556 |
| 942 | _cEB | ||
| 999 |
_c262811 _d262811 |
||